Periodic Deciphering -- Countries - Statistics

General Stats
  • This quiz has been taken 33 times
  • The average score is 24 of 35
Answer Stats
Hint Answer % Correct
Iodine - Radium - Nitrogen Iran
96%
Phosphorus - Erbium - Uranian Peru
96%
Lanthanum - Osmium Laos
93%
Copper - Barium Cuba
89%
Neon - Phosphorus - Aluminum Nepal
82%
Phosphorus - Aluminum - Gold Palau
79%
Barium - Hydrogen - Radium - Iodine - Nitrogen Bahrain
75%
Beryllium - Nickel - Nitrogen Benin
75%
Bohrium - Uranium - Tantalum - Nitrogen Bhutan
75%
Bromine - Uranium - Neon - Iodine Brunei
75%
Fluorine - Indium - Lanthanum - Neodymium Finland
75%
Gallium - Boron - Oxygen - Nitrogen Gabon
75%
Iodine - Cerium - Lanthanum - Neodymium Iceland
75%
Molybdenum - Nitrogen - Actinium - Oxygen Monaco
75%
Polonium - Lanthanum - Neodymium Poland
75%
Barium - Hydrogen - Americium - Arsenic Bahamas
71%
Beryllium - Lanthanum - Ruthenium - Sulfur Belarus
71%
Carbon - Helium - Iodine - Sodium China
71%
Fluorine - Radium - Nitrogen - Cerium France
71%
Nitrogen - Gold - Ruthenium Nauru
71%
Iodine - Rhenium - Lanthanum - Neodymium Ireland
68%
Uranium - Potassium - Radium - Iodine - Neon Ukraine
68%
Sulfur - Protactinium - Indium Spain
64%
Carbon - Americium - Erbium - Oxygen - Oxygen - Nitrogen Cameroon
61%
Boron - Uranium - Ruthenium - Neodymium - Iodine Burundi
57%
Potassium - Iridium - Iodine - Barium - Titanium Kiribati
57%
Silicon - Nitrogen - Gallium - Polonium - Rhenium Singapore
57%
Argon - Germanium - Nitrogen - Titanium - Sodium Argentina
54%
Holmium - Neodymium - Uranium - Radium - Sulfur Honduras
54%
Neon - Thorium - Erbium - Lanthanum - Nitrogen - Darmstadtium Netherlands
54%
Protactinium - Potassium - Iodine - Sulfur - Tantalum - Nitrogen Pakistan
54%
Phosphorus - Hydrogen - Iodine - Lithium - Phosphorus - Phosphorus - Indium - Einsteinium Phillippines
54%
Carbon - Yttrium - Praseodymium - Uranium - Sulfur Cyprus
50%
Phosphorus - Aluminum - Einsteinium - Titanium - Neon Palestine
50%
Uranium - Nickel - Tellurium - Darmstadtium - Tantalum - Tellurium - Sulfur - Oxygen - Fluorine - Americium - Erbium - Iodine - Calcium United States of America
50%
No matching quizzes found
Score Distribution
Percent of People with Each Score
Percentile by Number Answered
Your Score History
You have not taken this quiz